<?xml version="1.0" encoding="UTF-8"?><record xmlns="http://www.loc.gov/MARC21/slim" xmlns:zs="http://docs.oasis-open.org/ns/search-ws/sruResponse">
  <leader>01819cas a22004337a 4500</leader>
  <controlfield tag="001">20599340</controlfield>
  <controlfield tag="005">20250701134048.2</controlfield>
  <controlfield tag="008">881212d18901912iduwr ne      0   a0eng d</controlfield>
  <datafield ind1=" " ind2=" " tag="010">
    <subfield code="a">sn 88056158 </subfield>
  </datafield>
  <datafield ind1="0" ind2=" " tag="022">
    <subfield code="a">2637-7306</subfield>
    <subfield code="2">1</subfield>
  </datafield>
  <datafield ind1=" " ind2=" " tag="035">
    <subfield code="a">(OCoLC)18888192</subfield>
  </datafield>
  <datafield ind1=" " ind2=" " tag="040">
    <subfield code="a">NVB</subfield>
    <subfield code="b">eng</subfield>
    <subfield code="c">NVB</subfield>
    <subfield code="d">OCLCQ</subfield>
    <subfield code="d">OCLCF</subfield>
    <subfield code="d">OCLCO</subfield>
    <subfield code="d">DLC</subfield>
    <subfield code="d">OCLCL</subfield>
  </datafield>
  <datafield ind1=" " ind2=" " tag="042">
    <subfield code="a">msc</subfield>
    <subfield code="a">nsdp</subfield>
  </datafield>
  <datafield ind1=" " ind2=" " tag="043">
    <subfield code="a">n-us-id</subfield>
  </datafield>
  <datafield ind1="0" ind2="0" tag="050">
    <subfield code="a">Newspaper</subfield>
  </datafield>
  <datafield ind1="1" ind2="0" tag="082">
    <subfield code="a">071.3</subfield>
    <subfield code="2">23</subfield>
    <subfield code="1">https://id.oclc.org/worldcat/ddc/E3MJ87dMTw4ByGq4RJYrdRdTc3</subfield>
  </datafield>
  <datafield ind1=" " ind2="4" tag="222">
    <subfield code="a">The silver messenger</subfield>
    <subfield code="b">(Print)</subfield>
  </datafield>
  <datafield ind1="0" ind2="4" tag="245">
    <subfield code="a">The silver messenger.</subfield>
  </datafield>
  <datafield ind1=" " ind2=" " tag="260">
    <subfield code="a">Challis, Idaho :</subfield>
    <subfield code="b">Pierce &amp; Sweet</subfield>
  </datafield>
  <datafield ind1=" " ind2=" " tag="300">
    <subfield code="a">v.</subfield>
  </datafield>
  <datafield ind1=" " ind2=" " tag="310">
    <subfield code="a">Weekly</subfield>
  </datafield>
  <datafield ind1="1" ind2=" " tag="362">
    <subfield code="a">Began in July 1890.</subfield>
  </datafield>
  <datafield ind1="0" ind2=" " tag="362">
    <subfield code="a">-v. 31, no. 36 (Mar. 12, 1912).</subfield>
  </datafield>
  <datafield ind1=" " ind2=" " tag="515">
    <subfield code="a">Suspended: June-July 1894. Resumed with July 31, 1894 issue.</subfield>
  </datafield>
  <datafield ind1=" " ind2=" " tag="530">
    <subfield code="a">Archived issues are available in digital format from the Library of Congress Chronicling America online collection.</subfield>
  </datafield>
  <datafield ind1=" " ind2=" " tag="588">
    <subfield code="a">Description based on: Vol. 15, no. 1 (July 31, 1894).</subfield>
  </datafield>
  <datafield ind1=" " ind2="0" tag="651">
    <subfield code="a">Challis (Idaho)</subfield>
    <subfield code="v">Newspapers.</subfield>
  </datafield>
  <datafield ind1=" " ind2="7" tag="651">
    <subfield code="a">Idaho</subfield>
    <subfield code="z">Challis.</subfield>
    <subfield code="2">fast</subfield>
    <subfield code="0">(OCoLC)fst01221383</subfield>
    <subfield code="1">https://id.oclc.org/worldcat/entity/E39PBJpYq4XQCJqkD3q6M3kxDq</subfield>
  </datafield>
  <datafield ind1=" " ind2="7" tag="655">
    <subfield code="a">Newspapers.</subfield>
    <subfield code="2">fast</subfield>
    <subfield code="0">(OCoLC)fst01423814</subfield>
  </datafield>
  <datafield ind1=" " ind2=" " tag="752">
    <subfield code="a">United States</subfield>
    <subfield code="b">Idaho</subfield>
    <subfield code="c">Custer</subfield>
    <subfield code="d">Challis.</subfield>
  </datafield>
  <datafield ind1="0" ind2="8" tag="776">
    <subfield code="i">Online version:</subfield>
    <subfield code="t">Silver messenger</subfield>
    <subfield code="x">2637-7314</subfield>
    <subfield code="w">(DLC)  2018218791</subfield>
    <subfield code="w">(OCoLC)1045797167</subfield>
  </datafield>
  <datafield ind1="0" ind2="4" tag="780">
    <subfield code="t">Idaho messenger</subfield>
    <subfield code="w">(DLC)sn 86063037</subfield>
  </datafield>
  <datafield ind1="0" ind2="4" tag="780">
    <subfield code="t">Silver press</subfield>
  </datafield>
  <datafield ind1="0" ind2="0" tag="785">
    <subfield code="t">Challis messenger</subfield>
    <subfield code="x">2381-0874</subfield>
    <subfield code="w">(DLC)sn 88056159</subfield>
    <subfield code="w">(OCoLC)18888130</subfield>
  </datafield>
  <datafield ind1="4" ind2="1" tag="859">
    <subfield code="u">http://www.loc.gov/chroniclingamerica/lccn/sn88056158/issues</subfield>
  </datafield>
  <datafield ind1="0" ind2=" " tag="925">
    <subfield code="a">Acquire</subfield>
    <subfield code="b">1 shelf copy</subfield>
    <subfield code="x">policy default 2018-07-25</subfield>
  </datafield>
  <datafield ind1=" " ind2=" " tag="955">
    <subfield code="b">sr02 2018-07-25</subfield>
    <subfield code="k">sr02 2018-07-25</subfield>
  </datafield>
  <datafield ind1=" " ind2=" " tag="955">
    <subfield code="a">LCAP batch update 2025-06-02-04:00: LCAPM-644, LCAPM-893</subfield>
  </datafield>
  <datafield ind1=" " ind2=" " tag="985">
    <subfield code="a">serpull/chronam</subfield>
    <subfield code="e">ndnp</subfield>
  </datafield>
</record>
